| 000 | 01137nam a2200325 i 4500 | ||
|---|---|---|---|
| 001 | 8020 | ||
| 003 | KOSZ 005 | ||
| 005 | 20231109062806.0 | ||
| 008 | 990506s1949 pl a g 001 0 pol | ||
| 015 | _aPB 1949/5643 | ||
| 040 |
_aWA N _cKOSZ 005/RW _dKOSZ 005/RW _dKOSZ 005/HR |
||
| 041 | 1 |
_apol _hger |
|
| 046 | _k1949 | ||
| 080 | _a141.82 | ||
| 100 | 1 |
_aMarx, Karl _d(1818-1883) _eAutor |
|
| 245 | 1 | 0 |
_aDzieła wybrane : _bw dwóch tomach. _nT. 1 / _cKarol Marks, Fryderyk Engels. |
| 260 |
_aWarszawa : _b"Książka i Wiedza", _c1949. |
||
| 300 |
_a644 s., 2 k. tabl. : _bil. ; _c25 cm. |
||
| 380 | _aKsiążki. | ||
| 388 | _a1801-1900 | ||
| 490 | 1 | _aBiblioteka Klasyków Marksizmu-Leninizmu. | |
| 504 | _aIndeks. | ||
| 658 | _aFilozofia i etyka | ||
| 650 | 4 | _aMarksizm | |
| 700 | 1 |
_aEngels, Friedrich _d(1820-1895) _eAutor |
|
| 710 | 2 |
_aSpółdzielnia Wydawniczo-Handlowa "Książka i Wiedza" _4pbl. |
|
| 830 | 0 | _aBiblioteka Klasyków Marksizmu-Leninizmu. | |
| 856 |
_uhttp://koha.tu.koszalin.pl/cgi-bin/koha/opac-detail.pl?biblionumber=8020 _yKatalog online BPK |
||
| 942 |
_2UKD _cKS |
||
| 999 |
_c8020 _d8020 |
||